| 000 | 01061cam a22002174a 4500 | ||
|---|---|---|---|
| 005 | 20250605164250.0 | ||
| 008 | 250528s ||||||||||||||||||||||||d | ||
| 035 | _a21684 | ||
| 020 | _a9789601216645 | ||
| 040 |
_aGR-AtMCL _bgre _dGR-AtMCL _eAACR2 |
||
| 245 | 1 | _aΑΝΑΤΟΜΙΑ ΤΟΥ ΑΝΘΡΩΠΟΥ | |
| 250 | _a1 | ||
| 260 |
_bUniversity Studio Press, _c2008 |
||
| 300 | _a379 | ||
| 505 | 0 | _aΑΝΑΤΟΜΙΑ ΚΥΤΤΑΡΟ ΟΣΤΕΟΛΟΓΙΑ ΑΝΑΠΝΕΥΣΤΙΚΟ ΣΥΣΤΗΜΑ ΚΥΚΛΟΦΟΡΙΚΟ ΓΕΝΝΗΤΙΚΟ ΣΥΣΤΗΜΑ ΑΙΣΘΗΤΗΡΙΑ ΟΡΓΑΝΑ ΠΕΠΤΙΚΟ ΣΥΣΤΗΜΑ ΝΕΥΡΙΚΟ ΣΥΣΤΗΜΑ ΜΥΟΛΟΓΙΑ | |
| 520 | _aΑΝΑΤΟΜΙΑ ΚΥΤΤΑΡΟ ΟΣΤΕΟΛΟΓΙΑ ΑΝΑΠΝΕΥΣΤΙΚΟ ΣΥΣΤΗΜΑ ΚΥΚΛΟΦΟΡΙΚΟ ΓΕΝΝΗΤΙΚΟ ΣΥΣΤΗΜΑ ΑΙΣΘΗΤΗΡΙΑ ΟΡΓΑΝΑ ΠΕΠΤΙΚΟ ΣΥΣΤΗΜΑ ΝΕΥΡΙΚΟ ΣΥΣΤΗΜΑ ΜΥΟΛΟΓΙΑ | ||
| 700 | 1 |
_aΠαρασκευας Γεωργιος Κ _97626 |
|
| 942 | _cBK | ||
| 999 |
_c6744 _d6744 |
||